000 00867nam a2200193 a 4500
008 101008s1992 ||||||||||||||||| || u
020 _a9780873351003
050 _aTN 151 Sme
100 _aHartman, Howard L
245 1 0 _aSME mining engineering handbook. -- 2nd ed.
_cedited by Howard L. Hartman
250 _a2nd ed.
260 _aLittleton, Colo.
_bSociety for Mining, Metallurgy and Exploration
_c1992
300 _a2v.: ill
350 _a0.00
650 _aMINING ENGINEERING--HANDBOOKS, MANUALS, ETC
650 _aMINING
995 _aBINDERY (DAMAGED)
_D0.00
_e741749
_FCBU-MAIN LIBRARY (Kitwe)
_H1
_I0.00
_jTN 151 SME
_M2
_UDAMAGED
_WOct 8, 2010
_y741749
_ZMain Library Open Access Collection
995 _aMAIN LIBRARY OPEN ACCESS
_D0.00
_e741748
_FCBU-MAIN LIBRARY (Kitwe)
_H1
_I0.00
_jTN 151 SME
_M1
_UAVAILABLE
_WOct 8, 2010
_y741748
_ZMain Library Open Access Collection
999 _c76558
_d76558